| 000 | 00558nam a22002057a 4500 | ||
|---|---|---|---|
| 003 | OSt | ||
| 005 | 20140310182941.0 | ||
| 008 | 130204t xxu||||| |||| 00| 0 eng d | ||
| 020 | _a9712719424 (pbk.) | ||
| 050 |
_aPN5424 _bSi565 2007 |
||
| 082 |
_aFIL 302.23209599 _bS565 2007 |
||
| 245 |
_aHeart & mind _b20 years of commentary / _cSicam, Paulynn Paredes |
||
| 260 |
_aPasig City: _bAnvil, _cc2007 |
||
| 300 |
_axiv, 162 p. _bill. _c22 cm |
||
| 521 | _aCollege | ||
| 526 | _c1210L-1700L | ||
| 541 | _j1 | ||
| 562 | _e1 | ||
| 942 |
_2lcc _cBK _kFIL |
||
| 999 |
_c17733 _d17733 |
||